| 000 | 00553nam a2200193 a 4500 | ||
|---|---|---|---|
| 001 | 17540 | ||
| 003 | CO-ViMGA | ||
| 008 | 141112s2004 ck r 000 u spa d | ||
| 040 |
_aCO-ViMGA _bspa _cCO-ViMGA |
||
| 082 | 0 | 4 | _aAVIs |
| 100 | 1 |
_aAvila Ramos, Ilva Victoria _924855 |
|
| 245 | 1 | 0 |
_aSomos naturaleza . Poesía : _bImagen de la vida |
| 260 |
_aTunja (Boyacá), _cBuhos, _c1997 |
||
| 300 | _a100.p. | ||
| 590 | _aForma de adquisición : Premio - Mincultura | ||
| 650 | 1 | 4 |
_aNATURALEZA _912312 |
| 650 | 1 | 4 |
_aPOESIA COLOMBIANA _91069 |
| 942 |
_2ddc _cBK |
||
| 999 |
_c27043 _d27043 |
||